Nem kell nyelvtudás az emelt szintű vizsgához Félmillió forintért ír matekérettségi

Elmentve itt :
Bibliográfiai részletek
Dokumentumtípus: Cikk
Megjelent: 2010-11-30
Sorozat:Délmagyarország 100 No. 278
Kulcsszavak:Kosztolányi József
Online Access:http://dmarchiv.bibl.u-szeged.hu/129270
LEADER 00474nab a2200145 i 4500
001 delm129270
005 20200203110920.0
008 200203s2010 hu o 0|| hun d
040 |a SZTE Délmagyarország Archívum  |b hun 
041 |a hun 
245 0 4 |a Nem kell nyelvtudás az emelt szintű vizsgához   |h [elektronikus dokumentum] :  |b Félmillió forintért ír matekérettségi 
260 |c 2010-11-30 
300 |a 8 
490 0 |a Délmagyarország  |v 100 No. 278 
695 |a Kosztolányi József